Statistics for Star Wars The Force Awakens Quiz

Click here to take the quiz!

General Stats

  • This quiz has been taken 319 times
    (307 since last reset)
  • The average score is 9 of 15

Answer Stats

HintAnswer% Correct
Ben Solo is whoKylo Ren
95%
Who is the orange and white BB-Unit calledBB-8
90%
Who was killed by Kylo Ren on the bridgeHan solo
88%
What is the desert planet calledJakku
81%
Who owns a red speederRey
79%
Who is the silver stormtrooper calledCaptain Phasma
78%
What is the first order's base calledStarkiller Base
73%
What Stormtrooper number was Finn2187
71%
Who is ^ masterPoe Dameron
68%
Creature who is over a thousand years oldMaz Kanata
42%
_ _ o _ _ trooperStormtrooper
39%
The peaceful planet invaded by the first orderTakodana
29%
_ n _ _ trooperSnowtrooper
25%
_ _ a _ _ trooperFlametrooper
19%
What Irish county was the last scene filmed inKerry
8%

Score Distribution

Percentile by Number Answered

Percent of People with Each Score

Your Score History

You have not taken this quiz since the last reset